000 00403nam a2200169Ia 4500
008 170705s9999 xx 000 0 und d
020 _a9781403719071
245 4 _aThe tale of Peter rabbit /
245 _cby Beatrix Potter.
260 _aTennessee :
260 _bDalmatian Press,
260 _c2006
300 _a23 pages :
300 _bchiefly colored ;
300 _c20cm.
500 _a660
999 _c337313
_d337313